Country Logic Puzzle by Scambigol #42 - Statistics

General Stats
  • This quiz has been taken 113 times
  • The average score is 79 of 156
Answers on the Map
Answers color-coded by a green-red scale on the quiz's map according to % correct below.
 
Answer Stats
Country % Correct
China
67%
Iran
67%
Greece
64%
India
64%
Turkey
64%
North Korea
62%
South Korea
62%
Bangladesh
60%
Cambodia
60%
Laos
60%
Lesotho
60%
Libya
60%
Malaysia
60%
Myanmar
60%
South Africa
60%
Thailand
60%
Vietnam
60%
Angola
57%
Bulgaria
57%
DR Congo
57%
East Timor
57%
Eswatini
57%
France
57%
Germany
57%
Indonesia
57%
Kenya
57%
Malawi
57%
Mongolia
57%
Mozambique
57%
Namibia
57%
Nepal
57%
Papua New Guinea
57%
Sudan
57%
Tanzania
57%
Zambia
57%
Botswana
55%
Brunei
55%
Central African Republic
55%
Chad
55%
Djibouti
55%
Dominican Republic
55%
Egypt
55%
Haiti
55%
Kosovo
55%
North Macedonia
55%
Portugal
55%
Republic of the Congo
55%
Russia
55%
Serbia
55%
Spain
55%
Afghanistan
52%
Albania
52%
Andorra
52%
Bhutan
52%
Bosnia and Herzegovina
52%
Burundi
52%
Cameroon
52%
Denmark
52%
Eritrea
52%
Ethiopia
52%
Iraq
52%
Ireland
52%
Israel
52%
Jordan
52%
Kazakhstan
52%
Kuwait
52%
Montenegro
52%
Nigeria
52%
Pakistan
52%
Rwanda
52%
Saudi Arabia
52%
Somalia
52%
South Sudan
52%
Turkmenistan
52%
Uganda
52%
United Arab Emirates
52%
United Kingdom
52%
Uzbekistan
52%
Algeria
50%
Belize
50%
Brazil
50%
Canada
50%
Colombia
50%
Costa Rica
50%
El Salvador
50%
Equatorial Guinea
50%
Gabon
50%
Guatemala
50%
Honduras
50%
Kyrgyzstan
50%
Lebanon
50%
Luxembourg
50%
Mauritania
50%
Mexico
50%
Morocco
50%
Nicaragua
50%
Oman
50%
Panama
50%
Qatar
50%
Syria
50%
Tajikistan
50%
United States
50%
Uruguay
50%
Yemen
50%
Zimbabwe
50%
Argentina
48%
Armenia
48%
Azerbaijan
48%
Belgium
48%
Croatia
48%
Ecuador
48%
Georgia
48%
Guyana
48%
Monaco
48%
Netherlands
48%
Peru
48%
Slovenia
48%
Suriname
48%
Venezuela
48%
Austria
45%
Bolivia
45%
Italy
45%
Tunisia
45%
Chile
43%
Czech Republic
43%
Estonia
43%
Finland
43%
Gambia
43%
Ghana
43%
Guinea
43%
Guinea-Bissau
43%
Hungary
43%
Ivory Coast
43%
Latvia
43%
Liechtenstein
43%
Lithuania
43%
Norway
43%
Paraguay
43%
Senegal
43%
Sierra Leone
43%
Slovakia
43%
Sweden
43%
Belarus
40%
Benin
40%
Burkina Faso
40%
Liberia
40%
Mali
40%
Moldova
40%
Niger
40%
Poland
40%
Romania
40%
Switzerland
40%
Togo
40%
Ukraine
40%
San Marino
33%
Vatican City
31%
No matching quizzes found
Score Distribution
Percent of People with Each Score
Percentile by Number Answered
Your Score History
You have not taken this quiz